000 00628nam a2200169 a 4500
001 000044208
005 20201002045222.0
008 140609s2004 dr a 000 0 spa d
020 _a9789945442588
040 _aDO-SdBNP
_bspa
_cBNPHU
082 _axxxxxx
_bxxxxxx
245 0 0 _a16 cuentos latinoamericanos :
_bantología para jóvenes /
_cMartha Muñoz de Coronado dirección y edición ; prólogo Antonio Cornejo Polar.
260 _aSanto Domingo :
_bTaller
_bMelhoramentos,
_c2004.
300 _a221 p. ;
_c22 cm.
700 1 _aMuñoz Coronado, Martha de,
_edir. y ed.
_972213
700 1 _aCornejo Polar, Antonio,
_epról.
_925263
999 _c43697
_d43697